Los diez libros de arquitectura
محفوظ في:
| المؤلف الرئيسي: | |
|---|---|
| التنسيق: | كتاب |
| اللغة: | الإسبانية |
| منشور في: |
Madrid
Akal
1992
|
| سلاسل: | Colección Fuentes de Arte. Serie Mayor, 2
|
| الموضوعات: | |
| الوسوم: |
إضافة وسم
لا توجد وسوم, كن أول من يضع وسما على هذه التسجيلة!
|
MARC
| LEADER | 00000nam a2200000 a 4500 | ||
|---|---|---|---|
| 001 | UCP1673 | ||
| 003 | CL-VaPUC | ||
| 008 | 990426e19920000SP |||||||||||||||||spa|d | ||
| 082 | 0 | 4 | |a 722.7 |b VIT |2 21 |
| 100 | 0 | |a Vitruvio Polión, Marco Lucio |e author |9 427854 | |
| 245 | 1 | 4 | |a Los diez libros de arquitectura |
| 300 | |a 277 p | ||
| 942 | |c BK | ||
| 945 | |d 19990426 00:00:00 |a rbrito | ||
| 260 | |a Madrid |b Akal |c 1992 | ||
| 650 | 0 | |a Arquitectura romana |9 314422 | |
| 650 | 0 | |a Arquitectura antigua |9 262616 | |
| 650 | 7 | |a TEMPLOS |2 CL-VaPUC |9 266644 | |
| 650 | 7 | |a MAUSOLEOS |2 CL-VaPUC |9 371762 | |
| 583 | |a last modification |c 19990426 00:00:00 |k Rodrigo Vera | ||
| 490 | 0 | |a Colección Fuentes de Arte. Serie Mayor, 2 | |
| 999 | |c 280332 |d 280330 | ||
| 952 | |0 0 |1 0 |4 0 |6 722_700000000000000_VIT_1992 |7 0 |8 R |9 320583 |a BIBART |b BIBART |d 2019-11-20 |i 351868K |o 722.7 VIT 1992 |p 351868K |r 2025-03-13 |w 2019-11-20 |y BK_R |k ART | ||